• 首页
  • 本馆介绍
  • 公告通知
  • 最新文献
  • 馆藏检索
  • 电子资源
  • 读者导购
  • 参考咨询
  • 我的图书馆
  • 登录
  • 详细信息显示
  • 放入我的书架
  • 预约/预借图书
  • 作者相关作品
  • 分类相关作品
  • 丛书相关作品
  • 出版社相关作品

书目信息

  • 表格格式
  • 工作单格式
  • 卡片格式
题名:
红楼梦探源外编
    
 
作者: 吴世昌 著
分册:  
出版信息: 上海   上海古籍出版社  1980
页数: 494页
开本: 21cm
丛书名:
单 册:
中图分类: I207.411 , I207.4
科图分类:
主题词: 文学研究-红楼梦
电子资源:
ISBN:
000 00646nam0 2200241 450
001 1572668164
005 20150124201131.87
010    @dCNY1.85
091    @a10186.197
100    @a19950410d1980 emky0chiy0110 ea
101 0  @achi
102    @aCN@b310000
105    @ay z 000yy
200 1  @a红楼梦探源外编@9hong lou meng tan yuan wai bian@f吴世昌著
210    @a上海@c上海古籍出版社@d1980
215    @a494页@d21cm
605    @a红楼梦-文学研究
606 0  @a文学研究-红楼梦
690    @aI207.411@v5
690    @aI207.4@v4
701  0 @a吴世昌@9wu shi chang@f(1908~1986)@4著
801  0 @aCN@bTSSF@c20150124
905    @aZUCC@dI207.4@eJY33
    
    红楼梦探源外编/吴世昌著.-上海:上海古籍出版社,1980
    494页;21cm
    
    
    ISBN :CNY1.85
    
●
相关链接 在E读中查询图书 在五车中查询图书 在当当中查询图书 在豆瓣中查询图书


正题名:红楼梦探源外编     索取号:I207.4/JY33         预约/预借

序号 登录号 条形码 馆藏地/架位号 状态 备注
1 7855385   278553851   学院路分馆/ [索取号:I207.4/JY33] 在馆    
唐山师范学院图书馆 欢迎您!
大连网信软件有限公司© 版权所有